000
00278nam a22001217a 4500
082
_a
621.381 TER'E
100
_a
TERMAN, F. E,PETTIT, J. M
_9
77807
245
_a
ELECTRONIC MEASUREMENTS
250
_a
2ND
260
_a
LONDON
_b
MCGRAW HILL
_c
1952
300
_a
707P
942
_c
BK
999
_c
583021
_d
583021